| 000 | 00343nam a2200145Ia 4500 | ||
|---|---|---|---|
| 008 | 230312s9999||||xx |||||||||||||| ||und|| | ||
| 020 | _a0-7020-3375-9 | ||
| 082 |
_a615 _bREI-P |
||
| 100 | _aReid;Robin | ||
| 245 | 0 | _aPathology Illustrated | |
| 260 |
_bChurchill _aIndia _c2011 |
||
| 300 | _a670 | ||
| 650 |
_aMedical _vPathology |
||
| 942 | _cBK | ||
| 999 |
_c10111 _d10111 |
||